Saunders comprehensive veterinary dictionary. -- 3rd ed. (Record no. 56978)

MARC details
000 -LEADER
fixed length control field 00811nam a2200217 a 4500
008 - FIXED-LENGTH DATA ELEMENTS--GENERAL INFORMATION
fixed length control field 090324s2007 ||||||||||||||||| || u
020 ## - INTERNATIONAL STANDARD BOOK NUMBER
International Standard Book Number 070202788X
050 ## - LIBRARY OF CONGRESS CALL NUMBER
Classification number SF 609 Blo
100 ## - MAIN ENTRY--PERSONAL NAME
Personal name Studdert, Virginia P
245 10 - TITLE STATEMENT
Title Saunders comprehensive veterinary dictionary. -- 3rd ed.
Statement of responsibility, etc. Douglas C. Blood, Virginia P. Studdert; Clive C. Gay
250 ## - EDITION STATEMENT
Edition statement 3rd ed.
260 ## - PUBLICATION, DISTRIBUTION, ETC.
Place of publication, distribution, etc. London:
Name of publisher, distributor, etc. Elsevier
Date of publication, distribution, etc. 2007
300 ## - PHYSICAL DESCRIPTION
Extent xiv, 2166p.: ill.
350 ## - PRICE (NR) (BK AM CF MU VM SE) [OBSOLETE]
Price 0.00
650 ## - SUBJECT ADDED ENTRY--TOPICAL TERM
Topical term or geographic name entry element VETERINARY MEDICINE--DICTIONARIES
650 ## - SUBJECT ADDED ENTRY--TOPICAL TERM
Topical term or geographic name entry element VETERINARY MEDICINE--DICTIONARY--ENGLISH
650 ## - SUBJECT ADDED ENTRY--TOPICAL TERM
Topical term or geographic name entry element VETERENARY
700 ## - ADDED ENTRY--PERSONAL NAME
Personal name Gay, Clive C
700 ## - ADDED ENTRY--PERSONAL NAME
Personal name Blood, Douglas C. (Douglas Charles)
995 ## - RECOMMENDATION 995 [LOCAL, UNIMARC FRANCE]
-- 0.00
-- CBU-MAIN LIBRARY (Kitwe)
-- 1
-- 0.00
-- 1
-- REFERENCE
-- May 11, 2009
-- Reference Collection
Holdings
Withdrawn status Lost status Source of classification or shelving scheme Damaged status Not for loan Home library Current library Shelving location Date acquired Total Checkouts Full call number Barcode Date last seen Price effective from Koha item type
          CBU-MAIN LIBRARY, KITWE. CBU-MAIN LIBRARY, KITWE.   11/30/2022   SF 609 Blo 740030 11/30/2022 11/30/2022 MONOGRAPH